Velada en honor de Benito Espinosa celebrada en la Real Academia de Jurisprudencia y Legislación la noche del 21 de febrero de 1927 y organizada por el Excmo. Sr. Don Mario Méndez Bejarano. (Record no. 146031)

MARC details
000 -LEADER
campo de control de longitud fija 00759nam a2200193 i 4500
001 - NÚMERO DE CONTROL
campo de control 146031
003 - IDENTIFICADOR DE NÚMERO DE CONTROL
campo de control ES-MaACL
005 - FECHA Y HORA DE LA ÚLTIMA TRANSACCIÓN
campo de control 20260127062547.0
007 - CAMPO FIJO DE DESCRIPCIÓN FÍSICA--INFORMACIÓN GENERAL
campo de control de longitud fija t|
008 - DATOS DE LONGITUD FIJA--INFORMACIÓN GENERAL
campo de control de longitud fija 071018s1930 sp ||||1| spa d
245 00 - MENCIÓN DEL TÍTULO
Título Velada en honor de Benito Espinosa celebrada en la Real Academia de Jurisprudencia y Legislación la noche del 21 de febrero de 1927 y organizada por el Excmo. Sr. Don Mario Méndez Bejarano.
260 ## - PUBLICACIÓN, DISTRIBUCIÓN, ETC.
Lugar de publicación, distribución, etc. Madrid :
Nombre del editor, distribuidor, etc. [s.n.],
Fecha de publicación, distribución, etc. 1930 (
Fabricante Imp. de José Murillo)
300 ## - DESCRIPCIÓN FÍSICA
Extensión 118 p. ;
Dimensiones 20 cm.
700 1# - ENTRADA AGREGADA--NOMBRE PERSONAL
Nombre de persona Méndez Bejarano, Mario,
Fechas asociadas al nombre 1857-1931
9 (RLIN) 80142
700 1# - ENTRADA AGREGADA--NOMBRE PERSONAL
Nombre de persona Espinosa, Benito.
9 (RLIN) 47876
700 ## - ENTRADA AGREGADA--NOMBRE PERSONAL
Nombre de persona Real Academia de Jurisprudencia y Legislación de España
9 (RLIN) 217612
852 ## - LOCALIZACIÓN
Ubicación ES-MaACL
Número de control de estantería B-4022
Holdings
Estatus retirado Estado de pérdida Estado de daño No para préstamo Biblioteca de origen Biblioteca actual Ubicación en estantería Fecha de adquisición Fuente de adquisición Total de préstamos Signatura topográfica completa Código de barras Visto por última vez Precio de reemplazo Tipo de ítem Koha
        Biblioteca del Ateneo de Madrid Biblioteca del Ateneo de Madrid Sala Pardo Bazán 17/01/2008     B-4022 1152424 23/02/2023 23/02/2023 Libro impreso